Statistics for Current New England Patriots Wide Receivers

Click here to take the quiz!

General Stats

  • This quiz has been taken 98 times
  • The average score is 2 of 5

Answer Stats

#Answer% Correct
11Julian Edelman
99%
13Phillip Dorsett
28%
15Chris Hogan
26%
18Matthew Slater
20%
84Cordarrelle Patterson
16%

Score Distribution

Percentile by Number Answered

Percent of People with Each Score

Your Score History

You have not taken this quiz